<?xml version="1.0" encoding="UTF-8"?>
<marc:record xmlns:marc="http://www.loc.gov/MARC21/slim">
   <marc:leader>00000nam a2200000 a 4500</marc:leader>
   <marc:datafield ind1="0" ind2="0" tag="245">
      <marc:subfield code="a">Anna Karenina</marc:subfield>
   </marc:datafield>
   <marc:datafield ind1=" " ind2="1" tag="264">
      <marc:subfield code="b">Universal Pictures Germany</marc:subfield>
      <marc:subfield code="c">2013</marc:subfield>
   </marc:datafield>
   <marc:datafield ind1="1" ind2=" " tag="520">
      <marc:subfield code="a">Im Russland des zu Ende gehenden 19. Jahrhunderts spielt diese,  nach der Romanvorlage von Leo Tolstoi verflimte Geschichte, um die junge und bezaubernd schöne Anna Karenina, die sich, unglücklich verheiratet, leidenschaftlich in den Offizier Graf Vronskij verliebt ....</marc:subfield>
   </marc:datafield>
   <marc:datafield ind1="3" ind2=" " tag="024">
      <marc:subfield code="a">5050582927986</marc:subfield>
   </marc:datafield>
</marc:record>
